| 000 | 00634nam a2200217Ia 4500 | ||
|---|---|---|---|
| 005 | 20250508170208.0 | ||
| 008 | 008 250505s9999 xx 000 0 eng d | ||
| 020 | _a978-93-91450-09-9 | ||
| 037 | _aTextual | ||
| 040 |
_aFEDL _beng _cFEDL |
||
| 041 |
_aeng _2eng |
||
| 084 |
_a305.4, BEL _qFEDL |
||
| 100 |
_aBelliappa Jyothsna Latha _9338826 |
||
| 245 | 0 | _aGender, class and reflexive modernity in India | |
| 260 |
_aNew York, USA _bPalgrave Macmillan _c2013 |
||
| 300 | _ax, 184p. | ||
| 365 |
_aINR _b1495 |
||
| 546 | _aFirst South Asia edition 2022 | ||
| 942 |
_cTEXL _h305.4, BEL |
||
| 999 |
_c1399726 _d1399726 |
||